00647 2200229 4500001002100000005001500021035002000036007000300056008004100059082000800100084001400108100003200122245006700154250002000221300001700241700003100258264004500289336002100334337003000355338002300385990000900408INLIS00000000000272720260402094852 a0010-0426000002ta260402 0  a899 a899 NAD m0 aNadia Asy SyaffaePengarang1 amerapikan rasa yang belum selesai (buku 2) /cNadia asy syaffa acetakan pertama a202 ;c21 cm0 aPutri OktavianiePengarang aBandung :bLinimasa Esa Inspirasa,c2026 2rdacontentateks 2rdamediaatanpa perantara 2rdacarrieravolume a6089